000 00240nam a22000857a 4500
008 160718b xxu||||| |||| 00| 0 eng d
100 _92981
_a Dorling Kindersley
245 _aIllustrated Oxford Dictionary
260 _aNew York
_bDorling Kindersley
999 _c2544
_d2544